000 00814cam a2200301 i 4500
001 4106933
003 OSt
005 20140310181622.0
008 750416s1975 nyu j 000 0 eng
010 _a 75012823
020 _a0553279726 :
_c$4.95
040 _aDLC
_cDLC
_dDLC
042 _alcac
050 0 0 _aBJ 1611
_b.M272 1977
082 0 0 _aHS 158
_bM31 1975
100 1 _aMandino, Og.
_99798
245 1 4 _aThe greatest miracle in the world /
_cby Og Mandino.
260 _aNew York :
_bBantam Books,
_c[1975]
300 _a108 p. ;
_c22 cm.
650 0 _aSuccess.
_9730
650 0 _aConduct of life.
_91175
650 1 _aConduct of life.
_91175
650 1 _aSuccess.
_9730
650 1 _aHappiness.
_99800
906 _a7
_bcbc
_corignew
_d1
_eocip
_f19
_gy-gencatlg
942 _2lcc
_cHS
999 _c177
_d177